kolleru Lake a boon to Andhra Pradesh, India ( Limnological studies)/ (Record no. 165531)

MARC details
000 -LEADER
fixed length control field 00694nam a22001937a 4500
005 - DATE AND TIME OF LATEST TRANSACTION
control field 20190621112917.0
010 ## - LCCN (DPL NO)
LC control number B-125693
020 ## - INTERNATIONAL STANDARD BOOK NUMBER
International Standard Book Number 9789386223029
Terms of availability 995.00
035 ## - SYSTEM CONTROL NUMBER
System control number EN-109225
037 ## - SOURCE OF ACQUISITION
Source of stock number/acquisition DBAD/PUB
082 ## - DEWEY DECIMAL CLASSIFICATION NUMBER
Classification number 577.6309485
100 ## - MAIN ENTRY--PERSONAL NAME
Personal name Rao, Madireddi V. Subba
245 ## - TITLE STATEMENT
Title kolleru Lake a boon to Andhra Pradesh, India ( Limnological studies)/
Statement of responsibility, etc by Madireddi V. Subba Rao [and] Somarouth Prabhakara Rao
260 ## - PUBLICATION, DISTRIBUTION, ETC. (IMPRINT)
Place of publication, distribution, etc Delhi
Name of publisher, distributor, etc B.R Publishing Corporation
Date of publication, distribution, etc 2017
270 ## - ADDRESS
Address 425, Nimri Colony, Ashok Vihar, Phase-IV,
City Delhi
Postal code 110052
Electronic mail address brpc@vsnl.com
300 ## - PHYSICAL DESCRIPTION
Extent xx,180p.
Dimensions 22cm(Hb)
700 ## - ADDED ENTRY--PERSONAL NAME
Personal name Madireddi V. Subba Rao
942 ## - ADDED ENTRY ELEMENTS (KOHA)
Source of classification or shelving scheme Dewey Decimal Classification
Item type English Books
Classification part 577.63095485
Call number suffix RAO
Holdings
Withdrawn status Lost status Not for loan Collection code Home library Current library Date acquired Source of acquisition Cost, normal purchase price Full call number Barcode Copy number Cost, replacement price Koha item type
      Non-fiction Central Library Central Library 21/06/2019 DBAD/PUB 995.00 577.63095485 RAO EN-109225 1 995.00 English Books

© Delhi Public Library
Hit Counter
free hit counter